| LEADER | 00937nam a2200217Ia 4500 | ||
|---|---|---|---|
| 005 | 20260324113530.0 | ||
| 008 | 260324s9999||||xx |||||||||||||| ||und|| | ||
| 020 | |a 9782724710908 | ||
| 050 | 4 | |a On Hold | |
| 100 | 0 | |a Abbès Zouache | |
| 245 | 1 | 0 | |a Mémorer la croisade |c Abbès Zouache |
| 264 | 1 | |a Cairo |b Institut français d'archéologie orientale |c 2025 | |
| 300 | |a 196 pages |b color illustrations |c 29 cm | ||
| 490 | 0 | |a TAEI 64 | |
| 500 | |a Complete form of author's name from page 2. | ||
| 500 | |a Critical edition and French translation of an Arabic manuscript account of the European invasion of the Levant during the Crusades. | ||
| 650 | 4 | |a Crusades -- History. | |
| 650 | 4 | |a édition et traduction annotée d'al-Harïrï, Kitab al-I'lam wa-l-tabyïm fi hurug al-Farang al-mala'in 'ala bilad al-muslimin | |
| 650 | 4 | |a Islamic Empire -- History -- 750-1258. | |
| 650 | 4 | |a Jerusalem -- History -- Latin Kingdom, 1099-1244. | |
| 999 | |c 61901 |d 61901 | ||
